000 00640nam a2200181 a 4500
001 000044406
005 20201002045342.0
008 140627s1991 mx ab 000 0 spa d
020 _a9686101225
040 _aDO-SdBNP
_bspa
_cBNPHU
082 _axxxx
_bxxxx
100 1 _aCaldenal, Ernesto,
_d1925-
_972418
245 1 0 _aCántico cósmico /
_cErnesto Caldenal.
260 _aGuadalajara, México, D. F. :
_bITESO,
_c1991.
300 _a581 p. :
_bil., mapas ;
_c21 cm.
500 _aIncluye datos biográficos del autor en la sola de la contracubierta
710 2 _aInstituto Tecnológico y de Estudios Superiores de Occidente (ITESO),
_972419
999 _c43895
_d43895